[Event "DVM U16w 2021"]
[Site "Berlin GER"]
[Date "2022.04.30"]
[Round "1"]
[White "Hubert, Charlotte"]
[Black "Zöllner, Bente"]
[Result "1/2-1/2"]
[Termination "normal"]
[Board "6.1"]
[WhiteElo "1692"]
[BlackElo "1557"]
[WhiteClock "00:15:24"]
[BlackClock "00:54:50"]
[WhiteTeam "Hamburger SK von 1830 eV"]
[BlackTeam "SC Papenburg"]
[PlyCount "110"]
[WhiteFideId "16265920"]
[BlackFideId "16230523"]
[EventCountry "GER"]
[EventRounds "7"]
[EventType "team-swiss"]
[EventDate "2022.04.29"]

1. e4 {[%clk 1:30:57]} c5 {[%clk 1:30:54]} 2. Nf3 {[%clk 1:31:17]} Nc6 {[%clk
1:31:16]} 3. d4 {[%clk 1:31:36]} cxd4 {[%clk 1:31:40]} 4. Nxd4 {[%clk 1:31:57]}
Nf6 {[%clk 1:32:01]} 5. Nc3 {[%clk 1:32:20]} e5 {[%clk 1:32:22]} 6. Ndb5 {[%clk
1:32:42]} d6 {[%clk 1:32:42]} 7. Bg5 {[%clk 1:33:05]} a6 {[%clk 1:33:04]} 8.
Na3 {[%clk 1:33:29]} b5 {[%clk 1:33:26]} 9. Bxf6 {[%clk 1:33:31]} gxf6 {[%clk
1:33:44]} 10. Nd5 {[%clk 1:33:55]} Bg7 {[%clk 1:33:20]} 11. Bd3 {[%clk
1:33:53]} Ne7 {[%clk 1:32:56]} 12. Nxe7 {[%clk 1:34:12]} Qxe7 {[%clk 1:33:05]}
13. O-O {[%clk 1:34:20]} Be6 {[%clk 1:32:21]} 14. c4 {[%clk 1:30:53]} b4 {[%clk
1:32:07]} 15. Qa4+ {[%clk 1:25:35]} Qd7 {[%clk 1:30:46]} 16. Qxb4 {[%clk
1:23:50]} O-O {[%clk 1:29:28]} 17. Rfd1 {[%clk 1:15:46]} Rab8 {[%clk 1:27:48]}
18. Qd2 {[%clk 1:03:01]} Rbd8 {[%clk 1:26:06]} 19. Nc2 {[%clk 0:50:33]} Kh8
{[%clk 1:25:09]} 20. b4 {[%clk 0:34:39]} Rg8 {[%clk 1:19:44]} 21. Kh1 {[%clk
0:32:32]} f5 {[%clk 1:18:41]} 22. exf5 {[%clk 0:30:00]} Bxf5 {[%clk 1:19:02]}
23. Bxf5 {[%clk 0:29:50]} Qxf5 {[%clk 1:19:24]} 24. Ne3 {[%clk 0:29:36]} Qe4
{[%clk 1:17:32]} 25. Qc2 {[%clk 0:23:27]} Qxc2 {[%clk 1:06:13]} 26. Nxc2 {[%clk
0:23:50]} Bh6 {[%clk 1:06:32]} 27. Rd5 {[%clk 0:18:19]} Rg4 {[%clk 1:03:40]}
28. Na3 {[%clk 0:16:43]} Bf8 {[%clk 1:02:53]} 29. Kg1 {[%clk 0:13:00]} Kg7
{[%clk 0:59:59]} 30. h3 {[%clk 0:10:09]} Rf4 {[%clk 0:59:16]} 31. Kf1 {[%clk
0:08:53]} Kf6 {[%clk 0:58:37]} 32. Ke2 {[%clk 0:07:46]} Ke6 {[%clk 0:57:42]}
33. Rd3 {[%clk 0:06:56]} Rb8 {[%clk 0:55:51]} 34. Rb1 {[%clk 0:07:03]} h5
{[%clk 0:53:25]} 35. Rbb3 {[%clk 0:03:09]} h4 {[%clk 0:49:31]} 36. Rdc3 {[%clk
0:02:11]} d5 {[%clk 0:44:53]} 37. cxd5+ {[%clk 0:01:15]} Kxd5 {[%clk 0:45:08]}
38. Rd3+ {[%clk 0:01:13]} Ke6 {[%clk 0:44:41]} 39. Nc2 {[%clk 0:01:34]} Rc4
{[%clk 0:43:18]} 40. Kd2 {[%clk 0:01:21]} Bxb4+ {[%clk 0:40:42]} 41. Kd1 {[%clk
0:24:43]} Rb5 {[%clk 1:07:38]} 42. Nxb4 {[%clk 0:19:36]} Rbxb4 {[%clk 1:07:02]}
43. Rxb4 {[%clk 0:19:51]} Rxb4 {[%clk 1:07:24]} 44. Ra3 {[%clk 0:20:02]} Rb6
{[%clk 1:05:25]} 45. Ra4 {[%clk 0:19:57]} Kf5 {[%clk 1:05:29]} 46. Kc2 {[%clk
0:19:54]} Rh6 {[%clk 1:04:47]} 47. Kd2 {[%clk 0:19:48]} Kg5 {[%clk 1:02:14]}
48. Ke3 {[%clk 0:18:22]} f5 {[%clk 1:01:40]} 49. Ra5 {[%clk 0:17:47]} e4 {[%clk
0:59:23]} 50. f4+ {[%clk 0:14:41]} exf3 {[%clk 0:58:59]} 51. Kxf3 {[%clk
0:14:45]} Rc6 {[%clk 0:57:08]} 52. Ra4 {[%clk 0:14:49]} Rc3+ {[%clk 0:55:04]}
53. Kf2 {[%clk 0:14:55]} Rc2+ {[%clk 0:54:22]} 54. Kf3 {[%clk 0:15:15]} Rc6
{[%clk 0:54:31]} 55. Kf2 {[%clk 0:15:24]} Rc2+ {[%clk 0:54:50]} 1/2-1/2

[Event "DVM U16w 2021"]
[Site "Berlin GER"]
[Date "2022.04.30"]
[Round "1"]
[White "Evering, Enna"]
[Black "Wu, Yvonne Yihan"]
[Result "1-0"]
[Termination "normal"]
[Board "6.2"]
[WhiteElo "1464"]
[BlackElo "1263"]
[WhiteClock "00:32:27"]
[BlackClock "00:30:12"]
[WhiteTeam "SC Papenburg"]
[BlackTeam "Hamburger SK von 1830 eV"]
[PlyCount "119"]
[WhiteFideId "16218213"]
[BlackFideId "16298330"]
[EventCountry "GER"]
[EventRounds "7"]
[EventType "team-swiss"]
[EventDate "2022.04.29"]

1. e4 {[%clk 1:30:58]} d6 {[%clk 1:30:54]} 2. d4 {[%clk 1:31:13]} g6 {[%clk
1:30:20]} 3. g3 {[%clk 1:28:05]} Nf6 {[%clk 1:29:53]} 4. Bg2 {[%clk 1:22:47]}
Bg7 {[%clk 1:27:47]} 5. Nc3 {[%clk 1:20:16]} O-O {[%clk 1:22:07]} 6. Nge2
{[%clk 1:16:27]} e5 {[%clk 1:16:22]} 7. h3 {[%clk 1:03:32]} a6 {[%clk 0:57:09]}
8. a4 {[%clk 1:01:16]} Nbd7 {[%clk 0:53:01]} 9. O-O {[%clk 1:00:45]} exd4
{[%clk 0:49:44]} 10. Nxd4 {[%clk 0:58:04]} c5 {[%clk 0:46:16]} 11. Nde2 {[%clk
0:54:04]} Ne5 {[%clk 0:44:18]} 12. f4 Nc6 13. Be3 {[%clk 0:50:25]} Ne8 {[%clk
0:35:38]} 14. Qd2 f5 {[%clk 0:28:15]} 15. exf5 {[%clk 0:38:26]} Bxf5 16. g4
{[%clk 0:33:27]} Be6 {[%clk 0:25:06]} 17. f5 {[%clk 0:25:13]} gxf5 {[%clk
0:20:30]} 18. gxf5 {[%clk 0:24:44]} Bxf5 {[%clk 0:18:09]} 19. Qd5+ {[%clk
0:24:05]} Kh8 {[%clk 0:16:18]} 20. Rxf5 {[%clk 0:24:00]} Nf6 {[%clk 0:13:12]}
21. Qd2 {[%clk 0:18:16]} Qd7 {[%clk 0:11:29]} 22. Raf1 {[%clk 0:15:25]} Rae8
{[%clk 0:10:19]} 23. Bh6 {[%clk 0:13:18]} Nd8 {[%clk 0:08:34]} 24. Qg5 {[%clk
0:11:18]} Ne6 {[%clk 0:07:20]} 25. Bxg7+ {[%clk 0:11:28]} Qxg7 {[%clk 0:06:53]}
26. Qxg7+ {[%clk 0:11:48]} Kxg7 {[%clk 0:06:56]} 27. Bxb7 {[%clk 0:09:45]} a5
{[%clk 0:07:09]} 28. Bc6 {[%clk 0:08:56]} Rb8 {[%clk 0:06:18]} 29. Bb5 {[%clk
0:08:35]} Rf7 {[%clk 0:05:48]} 30. Nd5 {[%clk 0:07:04]} Rbf8 {[%clk 0:05:40]}
31. Nxf6 {[%clk 0:06:59]} Rxf6 {[%clk 0:05:52]} 32. Rxf6 {[%clk 0:07:07]} Rxf6
{[%clk 0:06:07]} 33. Rxf6 {[%clk 0:07:32]} Kxf6 {[%clk 0:06:32]} 34. Kf2 {[%clk
0:07:18]} Ng5 {[%clk 0:06:17]} 35. h4 {[%clk 0:05:41]} Ne4+ {[%clk 0:06:29]}
36. Kf3 {[%clk 0:05:29]} Ke5 {[%clk 0:06:08]} 37. Ng3 {[%clk 0:03:44]} Nf6
{[%clk 0:05:44]} 38. h5 {[%clk 0:03:00]} h6 {[%clk 0:05:52]} 39. Bd3 {[%clk
0:02:16]} d5 {[%clk 0:05:05]} 40. b3 {[%clk 0:01:46]} d4 {[%clk 0:03:51]} 41.
Bg6 {[%clk 0:29:18]} Ng8 {[%clk 0:32:47]} 42. Ne4 {[%clk 0:28:58]} Ne7 {[%clk
0:31:26]} 43. Nxc5 {[%clk 0:28:45]} Nxg6 {[%clk 0:31:15]} 44. hxg6 {[%clk
0:29:08]} Kf6 {[%clk 0:31:38]} 45. g7 {[%clk 0:29:03]} Kxg7 {[%clk 0:32:02]}
46. Ne6+ {[%clk 0:29:23]} Kf6 {[%clk 0:31:19]} 47. Nxd4 {[%clk 0:29:45]} Kg5
{[%clk 0:30:58]} 48. c4 {[%clk 0:29:22]} h5 {[%clk 0:31:00]} 49. c5 {[%clk
0:29:30]} Kf6 {[%clk 0:29:46]} 50. c6 {[%clk 0:29:23]} Ke7 {[%clk 0:30:09]} 51.
c7 {[%clk 0:29:44]} Kd7 {[%clk 0:30:19]} 52. Nb5 {[%clk 0:30:07]} h4 {[%clk
0:30:04]} 53. Kg4 {[%clk 0:30:31]} Kc8 {[%clk 0:30:05]} 54. Kxh4 {[%clk
0:30:54]} Kb7 {[%clk 0:30:18]} 55. Kg5 {[%clk 0:31:13]} Kc8 {[%clk 0:30:32]}
56. Kf6 {[%clk 0:31:25]} Kb7 {[%clk 0:30:19]} 57. Ke7 {[%clk 0:31:24]} Kb6
{[%clk 0:29:57]} 58. Kd7 {[%clk 0:31:42]} Kb7 {[%clk 0:29:51]} 59. c8=Q+ {[%clk
0:32:04]} Kb6 {[%clk 0:30:12]} 60. Qc6# {[%clk 0:32:27]} 1-0

[Event "DVM U16w 2021"]
[Site "Berlin GER"]
[Date "2022.04.30"]
[Round "1"]
[White "Werner, Rosalie"]
[Black "Alferova, Emily"]
[Result "1-0"]
[Termination "normal"]
[Board "7.1"]
[WhiteElo "1712"]
[BlackElo "1514"]
[WhiteTeam "VSG 1880 Offenbach"]
[BlackTeam "SC Garching 1980 e.V."]
[PlyCount "109"]
[WhiteFideId "16223748"]
[BlackFideId "16265904"]
[EventCountry "GER"]
[EventRounds "7"]
[EventType "team-swiss"]
[EventDate "2022.04.29"]

1. e4 e5 2. Nf3 Nc6 3. Bc4 Bc5 4. c3 Nf6 5. d3 d6 6. h3 h6 7. Bb3 Be6 8. Nbd2
a5 9. a4 O-O 10. O-O Qd7 11. Re1 Rfe8 12. Nf1 Ra6 13. Ng3 Bxb3 14. Qxb3 Rb6 15.
Qc2 Qe6 16. Nh4 Qb3 17. Qe2 d5 18. Nhf5 dxe4 19. dxe4 Ne7 20. Rd1 Nxf5 21. exf5
Rd6 22. Re1 Qb6 23. Rb1 Qa6 24. Qxa6 Rxa6 25. Be3 Bxe3 26. Rxe3 Rd6 27. Rbe1
Nd7 28. Ne4 Rd5 29. c4 Rd4 30. b3 f6 31. Kf1 Rd8 32. Ke2 b6 33. Rd1 Rxd1 34.
Kxd1 Nc5+ 35. Ke2 Nxe4 36. Rxe4 Rd4 37. f3 Kf7 38. g4 Rxe4+ 39. fxe4 Ke7 40. c5
bxc5 41. Kd3 Kd6 42. Kc4 Kc6 43. h4 Kd6 44. Kb5 c6+ 45. Kxa5 c4 46. bxc4 Kc5
47. Ka6 Kxc4 48. Kb6 Kb4 49. a5 c5 50. a6 c4 51. a7 c3 52. a8=Q c2 53. Qa1 Kc4
54. Qc1 Kd3 55. Kc5 1-0

[Event "DVM U16w 2021"]
[Site "Berlin GER"]
[Date "2022.04.30"]
[Round "1"]
[White "Frowein, Katja"]
[Black "Neininger, Sarah"]
[Result "1/2-1/2"]
[Termination "normal"]
[Board "7.2"]
[WhiteElo "1385"]
[BlackElo "1404"]
[WhiteTeam "SC Garching 1980 e.V."]
[BlackTeam "VSG 1880 Offenbach"]
[PlyCount "53"]
[WhiteFideId "16282949"]
[BlackFideId "16287410"]
[EventCountry "GER"]
[EventRounds "7"]
[EventType "team-swiss"]
[EventDate "2022.04.29"]

1. c4 e5 2. Nc3 Nf6 3. Nf3 Nc6 4. e3 Bb4 5. Qc2 d6 6. a3 Bxc3 7. Qxc3 e4 8. Nd4
Ne5 9. Be2 O-O 10. O-O c5 11. Nc2 Bg4 12. Bxg4 Nfxg4 13. f3 exf3 14. gxf3 Qh4
15. fxg4 Nxg4 16. Rf4 Qxh2+ 17. Kf1 Qh1+ 18. Ke2 Qg2+ 19. Kd1 Nf2+ 20. Ke1 Qg1+
21. Ke2 Nh3 22. Rf1 Qg2+ 23. Ke1 Qg3+ 24. Ke2 Qg2+ 25. Ke1 Qg3+ 26. Ke2 Qg2+
27. Ke1 1/2-1/2

[Event "DVM U16w 2021"]
[Site "Berlin GER"]
[Date "2022.04.30"]
[Round "1"]
[White "Wagner, Lea"]
[Black "Muhina, Alina"]
[Result "0-1"]
[Termination "normal"]
[Board "7.3"]
[WhiteElo "757"]
[BlackElo "1153"]
[WhiteTeam "VSG 1880 Offenbach"]
[BlackTeam "SC Garching 1980 e.V."]
[PlyCount "52"]
[WhiteFideId "34620680"]
[BlackFideId "16298322"]
[EventCountry "GER"]
[EventRounds "7"]
[EventType "team-swiss"]
[EventDate "2022.04.29"]

1. e4 c6 2. d4 d5 3. Nc3 dxe4 4. Nxe4 Nf6 5. Nxf6+ gxf6 6. c3 Qc7 7. Nf3 Bf5 8.
Bd3 Bg6 9. O-O Nd7 10. Re1 O-O-O 11. g3 e5 12. dxe5 Nxe5 13. Bf4 Rxd3 14. Rxe5
Rxd1+ 15. Rxd1 Bd6 16. Re2 Bxf4 17. gxf4 Qxf4 18. Re3 Bh5 19. Rdd3 Bxf3 20.
Rxf3 Qc1+ 21. Kg2 Rg8+ 22. Rg3 Rxg3+ 23. hxg3 Qxb2 24. Rf3 Qxa2 25. Rxf6 Qd5+
26. Rf3 a5 0-1

[Event "DVM U16w 2021"]
[Site "Berlin GER"]
[Date "2022.04.30"]
[Round "1"]
[White "Glowiak, Alexandra"]
[Black "Thiele, Lea-Marie"]
[Result "1-0"]
[Termination "normal"]
[Board "8.1"]
[WhiteElo "1496"]
[BlackElo "1243"]
[WhiteTeam "Chemnitzer SC Aufbau95"]
[BlackTeam "SK Lehrte von 1919 e. V."]
[PlyCount "79"]
[WhiteFideId "16259530"]
[BlackFideId "16298616"]
[EventCountry "GER"]
[EventRounds "7"]
[EventType "team-swiss"]
[EventDate "2022.04.29"]

1. e4 e6 2. d4 d5 3. Nd2 dxe4 4. Nxe4 Nd7 5. Nf3 Ngf6 6. Nxf6+ Nxf6 7. c3 c5 8.
Be3 Qb6 9. Qc2 Nd5 10. Ne5 f6 11. Qa4+ Ke7 12. Nc4 Qc7 13. dxc5 Nxe3 14. Nxe3
Qxc5 15. O-O-O a6 16. Qe4 Qa5 17. Bc4 Qe5 18. Qxe5 fxe5 19. Ng4 b5 20. Bb3 e4
21. Rd4 Bb7 22. Rhd1 Bc6 23. Ne5 Bd5 24. Bxd5 exd5 25. Rxd5 Ke6 26. Nd7 Be7 27.
Re5+ Kf7 28. Rxe4 Rhc8 29. Nb6 Bg5+ 30. f4 Bf6 31. Nxa8 Rxa8 32. f5 Rc8 33.
Rd7+ Kf8 34. Ra7 Rc6 35. Re6 Rc4 36. Rb6 Bd8 37. Rb8 Ke8 38. Raa8 b4 39. Rxd8+
Ke7 40. Rd4 1-0

[Event "DVM U16w 2021"]
[Site "Berlin GER"]
[Date "2022.04.30"]
[Round "1"]
[White "Stelter, Finja"]
[Black "Czäczine, Paula"]
[Result "0-1"]
[Termination "normal"]
[Board "8.2"]
[WhiteElo "1416"]
[BlackElo "1127"]
[WhiteTeam "SK Lehrte von 1919 e. V."]
[BlackTeam "Chemnitzer SC Aufbau95"]
[PlyCount "70"]
[WhiteFideId "16298624"]
[BlackFideId "16249305"]
[EventCountry "GER"]
[EventRounds "7"]
[EventType "team-swiss"]
[EventDate "2022.04.29"]

1. e4 e5 2. Nf3 Nc6 3. Bc4 Nf6 4. Ng5 d5 5. exd5 Na5 6. Bb5+ c6 7. dxc6 bxc6 8.
Bd3 Nd5 9. Nf3 Bd6 10. b3 f5 11. Nxe5 Bxe5 12. Qe2 Qe7 13. Ba3 Nf4 14. Bxe7
Nxe2 15. Bxe2 Bxa1 16. Bb4 Nb7 17. c3 Bb2 18. d4 a5 19. Bc5 Nxc5 20. dxc5 Bc1
21. O-O Bg5 22. Re1 O-O 23. Na3 Bd2 24. Bc4+ Kh8 25. Rd1 Bxc3 26. Nc2 Ba6 27.
Bxa6 Rxa6 28. Rd3 Bb4 29. Nxb4 axb4 30. Rd2 Kg8 31. Kf1 Ra5 32. Rc2 Rfa8 33.
Ke2 Rxa2 34. Rxa2 Rxa2+ 35. Ke3 Rb2 0-1

[Event "DVM U16w 2021"]
[Site "Berlin GER"]
[Date "2022.04.30"]
[Round "1"]
[White "Czäczine, Laura"]
[Black "Daoud, Shahnaz"]
[Result "1-0"]
[Termination "normal"]
[Board "8.3"]
[WhiteElo "1358"]
[BlackElo "1367"]
[WhiteTeam "Chemnitzer SC Aufbau95"]
[BlackTeam "SK Lehrte von 1919 e. V."]
[PlyCount "67"]
[WhiteFideId "16211448"]
[BlackFideId "16297750"]
[EventCountry "GER"]
[EventRounds "7"]
[EventType "team-swiss"]
[EventDate "2022.04.29"]

1. e4 e5 2. Nf3 Nc6 3. d4 exd4 4. c3 dxc3 5. Bc4 Nf6 6. O-O Bc5 7. Nxc3 d6 8.
Bg5 Bg4 9. Bb5 Qd7 10. Nd5 Nxe4 11. Qe2 f5 12. Nc3 Qe6 13. Bc4 Qg6 14. Bf4
O-O-O 15. Bd5 Rde8 16. Qd3 Nb4 17. Qd1 Nxc3 18. bxc3 Nxd5 19. Qxd5 Re4 20. Bg3
Bxf3 21. gxf3 Rh4 22. Kh1 Rh5 23. Rab1 b6 24. Qa8+ Kd7 25. Qxh8 Qf7 26. f4 Rh6
27. Qa8 Qxa2 28. Qf8 Rg6 29. Qxf5+ Kd8 30. Bh4+ Ke8 31. Qc8+ Kf7 32. Qd7+ Kf8
33. Qe7+ Kg8 34. Qe8# 1-0

[Event "DVM U16w 2021"]
[Site "Berlin GER"]
[Date "2022.04.30"]
[Round "1"]
[White "Kanno, Clara Yumi"]
[Black "Reich, Elisabeth"]
[Result "0-1"]
[Termination "normal"]
[Board "9.1"]
[WhiteElo "1141"]
[BlackElo "1490"]
[WhiteTeam "Schachfreunde Essen-Werden 1924/80 e. V."]
[BlackTeam "ATSV Oberkotzau"]
[PlyCount "72"]
[WhiteFideId "16259661"]
[BlackFideId "16239776"]
[EventCountry "GER"]
[EventRounds "7"]
[EventType "team-swiss"]
[EventDate "2022.04.29"]

1. e4 c5 2. Nf3 Nc6 3. d4 cxd4 4. Nxd4 Nf6 5. f3 a6 6. Nxc6 bxc6 7. c4 e6 8. e5
Qa5+ 9. Nc3 Qxe5+ 10. Be2 Qc7 11. Be3 Be7 12. Qc2 Rb8 13. c5 Nd5 14. Bd4 Nf6
15. Na4 Qa5+ 16. Bc3 Qc7 17. Bd4 h6 18. Nb6 O-O 19. a4 Qf4 20. Qc3 Qg5 21. g3
Nd5 22. Nxd5 cxd5 23. f4 Qg6 24. Bd3 f5 25. Be5 Bf6 26. Rc1 Bb7 27. Qa5 Bxe5
28. fxe5 Rfc8 29. Qb6 Qg5 30. Ke2 Qg4+ 31. Kd2 Bc6 32. Qxa6 Rxb2+ 33. Ke1 Qb4+
34. Kf1 Ra8 35. Qb6 Qd2 36. Qxc6 Qf2# 0-1

[Event "DVM U16w 2021"]
[Site "Berlin GER"]
[Date "2022.04.30"]
[Round "1"]
[White "Hergenröder, Cora"]
[Black "Symanski, Linda"]
[Result "1-0"]
[Termination "normal"]
[Board "9.2"]
[WhiteElo "1437"]
[BlackElo "1090"]
[WhiteTeam "ATSV Oberkotzau"]
[BlackTeam "Schachfreunde Essen-Werden 1924/80 e. V."]
[PlyCount "107"]
[WhiteFideId "34603700"]
[BlackFideId "16284534"]
[EventCountry "GER"]
[EventRounds "7"]
[EventType "team-swiss"]
[EventDate "2022.04.29"]

1. d4 d5 2. c4 c6 3. cxd5 cxd5 4. Bf4 Nf6 5. Nc3 Bf5 6. Qb3 Nc6 7. e3 a6 8.
Qxb7 Na5 9. Qc7 Qxc7 10. Bxc7 Nc6 11. a3 g6 12. Rc1 Bd7 13. h3 Bg7 14. Nf3 O-O
15. Bh2 Rfc8 16. Na4 Na5 17. Nc5 Bb5 18. b4 Nb7 19. Ne5 Ne4 20. f3 Ned6 21.
Ned3 Bh6 22. Nf4 Nf5 23. Kf2 Nbd6 24. g4 Ng7 25. Nxd5 Ne6 26. Nxe7+ Kf8 27.
Nxc8 Nxc8 28. Nxe6+ fxe6 29. Bxb5 axb5 30. Rc3 Nb6 31. h4 Nd5 32. Rb3 Rc8 33.
g5 Bg7 34. Bd6+ Ke8 35. Bc5 Kd7 36. h5 gxh5 37. Rxh5 Rh8 38. Rb1 Ke8 39. Rbh1
Kf7 40. Rxh7 Rxh7 41. Rxh7 Kg6 42. Rh1 Kxg5 43. f4+ Kf5 44. Rh5+ Ke4 45. Rg5
Bf6 46. Rg8 Bh4+ 47. Kg1 Nxe3 48. Re8 Kf3 49. Rxe6 Bf2+ 50. Kh1 Ng4 51. d5 Bxc5
52. bxc5 Kxf4 53. c6 Nf2+ 54. Kg2 1-0

[Event "DVM U16w 2021"]
[Site "Berlin GER"]
[Date "2022.04.30"]
[Round "1"]
[White "Köppel, Clementine"]
[Black "Claussen, Daniela"]
[Result "1-0"]
[Termination "normal"]
[Board "9.4"]
[WhiteElo "1178"]
[BlackElo "924"]
[WhiteTeam "ATSV Oberkotzau"]
[BlackTeam "Schachfreunde Essen-Werden 1924/80 e. V."]
[PlyCount "65"]
[WhiteFideId "34605819"]
[BlackFideId "16248929"]
[EventCountry "GER"]
[EventRounds "7"]
[EventType "team-swiss"]
[EventDate "2022.04.29"]

1. e4 e6 2. Nf3 b6 3. Nc3 Bb7 4. Bc4 Bb4 5. d3 Nf6 6. Bd2 d5 7. exd5 Nxd5 8.
Nxd5 Bxd2+ 9. Qxd2 Bxd5 10. Bb5+ Bc6 11. Qb4 Qd6 12. Qxd6 cxd6 13. Nd4 Bxb5 14.
Nxb5 Ke7 15. Nc7 Nc6 16. Nxa8 Rxa8 17. Kd2 Rc8 18. c3 d5 19. Rae1 f5 20. Re2 b5
21. Rhe1 Kf7 22. Rxe6 d4 23. Rd6 dxc3+ 24. bxc3 b4 25. Rc1 Ke7 26. Rd5 Rb8 27.
Rc5 b3 28. axb3 Kd6 29. b4 g6 30. d4 a6 31. Ra1 Rb6 32. Kd3 h5 33. Kc4 1-0

[Event "DVM U16w 2021"]
[Site "Berlin GER"]
[Date "2022.04.30"]
[Round "2"]
[White "Dietz, Kristin"]
[Black "Hubert, Charlotte"]
[Result "1-0"]
[Termination "normal"]
[Board "1.1"]
[WhiteElo "1707"]
[BlackElo "1692"]
[WhiteClock "00:43:02"]
[BlackClock "00:13:44"]
[WhiteTeam "USV Halle"]
[BlackTeam "Hamburger SK von 1830 eV"]
[PlyCount "145"]
[WhiteFideId "12993743"]
[BlackFideId "16265920"]
[EventCountry "GER"]
[EventRounds "7"]
[EventType "team-swiss"]
[EventDate "2022.04.29"]

1. e4 {[%clk 1:30:58]} c5 {[%clk 1:30:49]} 2. Nf3 {[%clk 1:31:24]} d6 {[%clk
1:31:10]} 3. d4 {[%clk 1:31:49]} cxd4 {[%clk 1:31:29]} 4. Nxd4 {[%clk 1:32:16]}
Nf6 {[%clk 1:31:44]} 5. Nc3 {[%clk 1:32:37]} a6 {[%clk 1:32:04]} 6. Be3 {[%clk
1:32:57]} e5 {[%clk 1:32:26]} 7. Nf3 {[%clk 1:33:23]} Be7 {[%clk 1:31:02]} 8.
Bc4 {[%clk 1:33:47]} Be6 {[%clk 1:25:50]} 9. Bb3 {[%clk 1:34:03]} Nc6 {[%clk
1:23:33]} 10. O-O {[%clk 1:33:30]} O-O {[%clk 1:22:48]} 11. Re1 {[%clk
1:28:22]} Qc7 {[%clk 1:14:11]} 12. Bg5 {[%clk 1:25:27]} Rac8 {[%clk 1:07:02]}
13. Bxf6 {[%clk 1:20:52]} Bxf6 {[%clk 1:07:20]} 14. Nd5 {[%clk 1:20:38]} Bxd5
{[%clk 1:03:55]} 15. Bxd5 {[%clk 1:21:01]} Bd8 {[%clk 0:59:13]} 16. c3 {[%clk
1:18:18]} Ne7 {[%clk 0:55:33]} 17. Bb3 {[%clk 1:13:35]} Qc6 {[%clk 0:52:17]}
18. Qd3 {[%clk 1:11:51]} Bb6 {[%clk 0:50:03]} 19. a4 {[%clk 1:08:25]} Bxf2+
{[%clk 0:33:56]} 20. Kxf2 {[%clk 1:08:38]} Qb6+ {[%clk 0:34:19]} 21. Nd4 {[%clk
1:04:17]} exd4 {[%clk 0:33:36]} 22. cxd4 {[%clk 1:01:37]} Nc6 {[%clk 0:31:14]}
23. Kf1 {[%clk 0:42:32]} Nxd4 {[%clk 0:27:25]} 24. Ra3 {[%clk 0:36:22]} Qc5
{[%clk 0:19:25]} 25. Rd1 {[%clk 0:31:56]} Nxb3 {[%clk 0:17:13]} 26. Rxb3 {[%clk
0:32:18]} f5 {[%clk 0:10:20]} 27. Qd5+ {[%clk 0:29:14]} Qxd5 {[%clk 0:10:43]}
28. exd5 {[%clk 0:26:00]} Rf7 {[%clk 0:09:06]} 29. Re1 {[%clk 0:24:49]} Rd7
{[%clk 0:07:40]} 30. Rb6 {[%clk 0:22:36]} Rc5 {[%clk 0:07:31]} 31. Re8+ {[%clk
0:21:39]} Kf7 {[%clk 0:07:56]} 32. Rb8 {[%clk 0:22:06]} Rxd5 {[%clk 0:08:14]}
33. R8xb7 {[%clk 0:22:30]} Rxb7 {[%clk 0:06:08]} 34. Rxb7+ {[%clk 0:22:56]} Kf8
{[%clk 0:04:45]} 35. Rb6 {[%clk 0:22:13]} a5 {[%clk 0:03:39]} 36. Rb7 {[%clk
0:19:23]} h6 {[%clk 0:03:36]} 37. Ke2 {[%clk 0:19:29]} Kg8 {[%clk 0:03:40]} 38.
Kf3 {[%clk 0:17:42]} Kf8 {[%clk 0:01:35]} 39. h3 {[%clk 0:17:05]} Rd4 {[%clk
0:01:33]} 40. b3 {[%clk 0:17:01]} Rd5 {[%clk 0:01:53]} 41. Ke3 {[%clk 0:16:38]}
h5 {[%clk 0:21:48]} 42. Kf4 {[%clk 0:45:12]} Rd2 {[%clk 0:18:08]} 43. Rb5
{[%clk 0:42:15]} Rd3 {[%clk 0:13:11]} 44. Rxf5+ {[%clk 0:42:25]} Ke7 {[%clk
0:13:36]} 45. Rxh5 {[%clk 0:42:29]} Rxb3 {[%clk 0:14:00]} 46. Rxa5 {[%clk
0:42:54]} Kf6 {[%clk 0:13:42]} 47. Rf5+ {[%clk 0:41:29]} Kg6 {[%clk 0:13:28]}
48. Rg5+ {[%clk 0:41:36]} Kf6 {[%clk 0:13:43]} 49. Rb5 {[%clk 0:39:29]} Ra3
{[%clk 0:14:02]} 50. a5 {[%clk 0:39:55]} Ra4+ {[%clk 0:14:24]} 51. Ke3 {[%clk
0:40:18]} Ke6 {[%clk 0:14:32]} 52. Kd3 {[%clk 0:40:21]} Ra3+ {[%clk 0:13:00]}
53. Kc4 {[%clk 0:40:18]} Ra4+ {[%clk 0:12:51]} 54. Kb3 {[%clk 0:40:40]} Ra1
{[%clk 0:13:14]} 55. Rg5 {[%clk 0:40:34]} Kf6 {[%clk 0:11:59]} 56. h4 {[%clk
0:40:56]} g6 {[%clk 0:11:28]} 57. Kb4 {[%clk 0:41:09]} Ra2 {[%clk 0:11:28]} 58.
Kb5 {[%clk 0:41:26]} Rb2+ {[%clk 0:11:40]} 59. Kc6 {[%clk 0:41:51]} Rd2 {[%clk
0:11:09]} 60. a6 {[%clk 0:42:15]} Ra2 {[%clk 0:11:34]} 61. Kb7 {[%clk 0:42:40]}
Rb2+ {[%clk 0:11:02]} 62. Ka8 {[%clk 0:42:31]} Ra2 {[%clk 0:11:24]} 63. a7
{[%clk 0:42:58]} Rb2 {[%clk 0:11:44]} 64. Rg3 {[%clk 0:41:40]} Kf5 {[%clk
0:12:03]} 65. Rc3 {[%clk 0:40:32]} Kg4 {[%clk 0:12:22]} 66. Rc8 {[%clk
0:40:49]} Kxh4 {[%clk 0:12:44]} 67. Rb8 {[%clk 0:41:15]} Rxg2 {[%clk 0:13:06]}
68. Kb7 {[%clk 0:41:43]} Ra2 {[%clk 0:13:18]} 69. a8=Q {[%clk 0:42:05]} Rxa8
{[%clk 0:13:22]} 70. Rxa8 {[%clk 0:42:30]} g5 {[%clk 0:13:42]} 71. Kc6 {[%clk
0:42:34]} g4 {[%clk 0:14:08]} 72. Kd5 {[%clk 0:42:49]} g3 {[%clk 0:13:44]} 73.
Ke4 {[%clk 0:43:02]} 1-0